| 000 | 01359nam a22002657a 4500 | ||
|---|---|---|---|
| 999 |
_c216537 _d216537 |
||
| 005 | 20260331150003.0 | ||
| 008 | 260331b ||||| |||| 00| 0 eng d | ||
| 020 | _a0721676707 | ||
| 040 |
_aLC _cUNZA _eRDA |
||
| 050 |
_aRC 547 _bPRI 2000 |
||
| 245 |
_aPrinciples and practice of sleep medicine / _cedited by Meir H. Kriger, MD, FRCPC, Director Sleep Research, St. Boniface General Hospital Research Center, Professor of Medicine, University of Manitoba, Winnipeg, Manitoba, Canada; Thomas Roth, PhD, Head Division of Sleep Disorders Medicine, Henry Ford Hospital, Clinical Professor of Psychiatry, University of Michigan, Detroit , Michigan and William C. Dement, MD, PhD, Lowell W. and Josephine Q. Berry, Professor of Psychiatry and Behavioral Sciences and Director, Sleep Disorders Center, Stanford, Sleep Disorders Center, Stanford University School of Medicine, Stanford, California. |
||
| 250 | _aThird edition. | ||
| 260 |
_aPhiladelphia : _bW.B. Saunders Company, _c2000. |
||
| 300 |
_axxxiii, 1336 pages : _billustrations. |
||
| 336 | _aText | ||
| 337 | _aUnmediated | ||
| 338 | _aVolume | ||
| 504 | _aIncludes bibliographical references and index. | ||
| 650 | _aSleep disorders. | ||
| 650 | _aSleep. | ||
| 700 |
_aKryger, Meir H. _eeditor |
||
| 700 |
_aRoth, Thomas _eeditor |
||
| 700 |
_aDement, William C. _eeditor |
||
| 942 | _cBOOK | ||